| 000 | 01427cam a2200397 i 4500 | ||
|---|---|---|---|
| 999 |
_c200451091 _d69303 |
||
| 001 | 200451091 | ||
| 003 | TR-AnTOB | ||
| 005 | 20230530001120.0 | ||
| 007 | ta | ||
| 008 | 030307s1997 tu d 000 0 tur d | ||
| 035 | _a(TR-AnTOB)200451091 | ||
| 040 |
_aED$ _beng _erda _cED$ _dOCLCQ _dB9K _dBGZ _dTR-AnTOB |
||
| 041 | 0 | _atur | |
| 050 | 4 |
_aHC415.26 _b.Ü733 1997 |
|
| 090 |
_aHC415.26 _b.Ü733 1997 |
||
| 245 | 0 | 0 |
_aÜrdün ülke etüdü / _chazırlayanlar Tülay Sobutay, Aysun Dinler. |
| 264 | 1 |
_aİstanbul : _bİstanbul Ticaret Odası, _c1997. |
|
| 300 |
_avi, 164, 5 pages : _btables ; _c24 cm |
||
| 336 |
_atext _btxt _2rdacontent |
||
| 337 |
_aunmediated _bn _2rdamedia |
||
| 338 |
_avolume _bnc _2rdacarrier |
||
| 490 | 0 |
_aİstanbul Ticaret Odası ; _vyayın no: 1997-5 |
|
| 504 | _aBIB | ||
| 651 | 7 |
_aÜrdün _xEkonomik durum _2etuturkob _9135331 |
|
| 651 | 7 |
_aÜrdün _xEkonomi politikası _2etuturkob _9135332 |
|
| 651 | 7 |
_aÜrdün _xDış ekonomik ilişkiler _zTürkiye _2etuturkob _9135335 |
|
| 651 | 7 |
_aTürkiye _xDış ekonomik ilişkiler _zÜrdün _2etuturkob _9135336 |
|
| 651 | 7 |
_aÜrdün _xSosyal politika _2etuturkob _9135334 |
|
| 651 | 7 |
_aÜrdün _xSiyaset ve yönetim _2etuturkob _9135333 |
|
| 700 | 1 |
_aSobutay, Tülay _eeditor _9128022 |
|
| 700 | 1 |
_aDinler, Aysun _eeditor _9135337 |
|
| 710 | 2 |
_aİstanbul Ticaret Odası _919571 |
|
| 942 |
_2lcc _cBK |
||